000
00293nam a22001337a 4500
003
SGT
020
_a
9788171327645
082
_a
371.9,GOE
100
_a
GOEL, SUSHIL KUMAR
245
_a
DIFFERENTLY ABLED CHILDREN
260
_a
JAIPUR
_b
POINTER PUB.
_c
2013
300
_a
196
942
_2
ddc
_c
BK
999
_c
33488
_d
33488